|
|
|
|
| LEADER |
01192nam a2200241 a 4500 |
| 001 |
466194 |
| 008 |
090909s1980 enk b i101 0 eng d |
| 010 |
|
|
|a 83128298
|
| 020 |
|
|
|a 0850921724 (pbk.)
|
| 040 |
|
|
|a DLC
|c DLC
|d DLC
|
| 082 |
0 |
0 |
|a 370/.9172/4
|2 19
|
| 111 |
2 |
|
|a Commonwealth Conference on Non-formal Education for Development
|d (1979 :
|c New Delhi, India)
|
| 245 |
1 |
0 |
|a Participation, learning, and change :
|b Commonwealth approaches to non-formal education : an edited version of papers /
|c prepared for the Commonwealth Conference on Non-formal Education for Development ; prepared with a commentary by Paul Fordham.
|
| 260 |
|
|
|a London :
|b Commonwealth Secretariat,
|c 1980.
|
| 300 |
|
|
|a vi, 223 p. ;
|c 21 cm.
|
| 504 |
|
|
|a Includes Bibliography: p. [212]-220 and index.
|
| 541 |
1 |
|
|e 00000957
|
| 650 |
|
0 |
|a Non-formal education
|x Congresses.
|
| 650 |
|
0 |
|a Education
|z Developing countries
|x Congresses.
|
| 700 |
1 |
|
|a Fordham, Paul,
|d 1925-
|
| 852 |
4 |
|
|a Ayesha Abed Library
|j General Shelf.
|
| 999 |
|
|
|c 4015
|d 4015
|
| 952 |
|
|
|0 0
|1 0
|2 ddc
|4 0
|6 370_917240000000000_COM_1980
|7 0
|8 NFIC
|9 3698
|a BRACUL
|b BRACUL
|c GEN
|d 2009-10-01
|g 560.00
|l 0
|o 370.91724 COM
|p 3010000957
|r 2009-10-01
|t 1
|v 1120.00
|w 2009-10-01
|y BK
|